Testy z německého jazyka pro studenty středních škol a pro studenty připravující se na příjímací zkoušky na vysokou školu
| Main Author: | |
|---|---|
| Other Authors: | |
| Format: | Book |
| Language: | German Czech Slovak Polish |
| PhysicalDescription: | 180 s. 21 cm |
| Published: |
Bratislava
Príroda
2006
|
| ISBN: | 800701280X |
| Edition: | 1. čes. vyd. |
| Subjects: |
MARC
| LEADER | 00000cam a2200000 a 4500 | ||
|---|---|---|---|
| 001 | vtls008621025 | ||
| 003 | SK-MaSNL | ||
| 005 | 20260302004410.0 | ||
| 008 | 240314s2006 xo d f 000 0 ger | ||
| 015 | |a SNBA2006/03-01723 | ||
| 020 | |a 800701280X |q (brož.) | ||
| 035 | |a A72F7E53-55BB-4CA5-8A56-0DAFB305BABD | ||
| 035 | |a urn:nbn:sk:snk-aml6tf | ||
| 035 | |a urn:nbn:sk:snk-am008u9l | ||
| 040 | |a SNK |b slo |c SNK |e AACR2 | ||
| 041 | 1 | |a ger |a cze |h slo |h pol | |
| 044 | |a xo |c SK | ||
| 072 | 7 | |a 811.112.2 |x Nemčina |2 konspekt | |
| 080 | |a 373.5.016 |2 2001 | ||
| 080 | |a 371.279.5/.6 |2 2001 | ||
| 080 | |a 378 |2 2001 | ||
| 080 | |a (079.1) |2 2001 | ||
| 080 | |a (035) |2 2001 | ||
| 080 | |a 811.112.2 |2 2001 | ||
| 100 | 1 | |a Tkaczyk, Krzysztof |4 aut |9 644364 | |
| 245 | 1 | 0 | |a Testy z německého jazyka |b pro studenty středních škol a pro studenty připravující se na příjímací zkoušky na vysokou školu |c Krzystof Tkaczyk ; [české texty ze slovenštiny přeložila Martina Schneibergová] |
| 250 | |a 1. čes. vyd. | ||
| 260 | |a Bratislava |b Príroda |c 2006 | ||
| 300 | |a 180 s. |c 21 cm | ||
| 504 | |a Bibliogr. s. 180 | ||
| 650 | 0 | 7 | |a nemčina |2 SNKPH |9 1384 |
| 650 | 0 | 7 | |a učivo stredných škôl |2 SNKPH |9 65982 |
| 650 | 0 | 7 | |a prijímacie skúšky |2 SNKPH |9 1229 |
| 650 | 0 | 7 | |a vysoké školy |2 SNKPH |9 1277 |
| 655 | 7 | |a testy |2 SNKPH |9 70500 | |
| 655 | 7 | |a príručky |2 SNKPH |9 74364 | |
| 700 | 1 | |a Schneibergová, Martina |4 trl |9 486688 | |
| 919 | |a 80-07-01280-X | ||
| 958 | |a OND | ||
| 968 | |a Čes |b POL |c SLO |d 81 | ||
| 999 | |c 995708 |d 997638 | ||
| 952 | |a SNK |b SNK |y PREZ |7 0 |p 17A0497768 |o snkSC 122619 |i snk2006/2725 |8 0 |0 0 |1 0 |4 0 |d 2006-02-09 |f 1 |l 0 |r 2025-06-03 00:00:00 |w 2026-02-24 | ||
| 952 | |a SNK |b SNK |y VYP |7 0 |p 17A0497767 |o snkSC 122619 D1 |i snk2006/2726 |8 0 |0 0 |1 0 |4 0 |d 2006-02-09 |l 0 |r 2026-02-24 12:02:55 |w 2026-02-24 | ||


